| 000 | 00955nam a22003017a 4500 | ||
|---|---|---|---|
| 001 | BR8501895 | ||
| 003 | BR-BrBNA | ||
| 005 | 20230928092133.0 | ||
| 007 | ta | ||
| 008 | 230509b bl.||||| |||| 00| 0 por d | ||
| 040 |
_aBR-BrBNA _bpor _cBiblioteca Nacional de Agricultura |
||
| 041 | _a(Por) | ||
| 072 |
_aL02 _b6100 _b8954 |
||
| 090 | _ 6100 BR8501895 | ||
| 100 | 1 | _aFernandes, E. de A. | |
| 110 | 1 |
_aUniversidade Federal de Minas Gerais, Belo Horizonte (Brasil). Escola de Veterinaria _0Tese (Mestrado) |
|
| 245 | 1 | _aEfeitos da suplementacao de DL. metionina e sulfato de sodio em racoes de frangos de corte | |
| 260 | 3 |
_aBelo Horizonte, MG (Brasil): _c1984. |
|
| 300 | _a80 p. | ||
| 500 | _aBibliography (95 ref.); Summary (Por); 23 tables | ||
| 650 | _aFRANGO DE CORTE | ||
| 650 | _aRACAO | ||
| 650 | _aCONSUMO ALIMENTAR | ||
| 650 | _aMETIONINA | ||
| 650 | _aSULFATO DE SODIO | ||
| 909 |
_a202309 _bLucia _c55 _dLucia Elande |
||
| 942 | _cBK | ||
| 999 |
_c37324 _d37324 |
||